000 00468nam a2200157Ia 4500
008 160316s1998 xxu||||| |||| 00| 0 eng d
082 _a345.050000
_bTHE
100 _a
245 _aSouth African law commission twenty sixth annual report 1998
250 _a
260 _aSouth Africa
_bThe S A Law Commission
_c1998
300 _a106
_b
_c
365 _b
650 _aSouth Africa, law commission, constitution of the commission, juvenile justice
700 _a
_a
999 _c33153
_d33153